| 000 | 00519nam a22001817a 4500 | ||
|---|---|---|---|
| 003 | OSt | ||
| 005 | 20180116183028.0 | ||
| 008 | 151216b xxu||||| |||| 00| 0 eng d | ||
| 020 | _a01-505-2002-1 | ||
| 040 | _cLums | ||
| 082 | _a174.4 LUM 2002 | ||
| 100 | _aKhan W M | ||
| 245 |
_aAMMAR TEXTILES: THE TRANSFER PRICING PROBLEM _cKhan W M |
||
| 260 |
_aLahore _bLahore University of Management Sciences _c2002 |
||
| 300 |
_a15 p. _bPapers |
||
| 440 | _aAMMAR TEXTILES: THE TRANSFER PRICING PROBLEM | ||
| 942 |
_2ddc _cCS |
||
| 999 |
_c350877 _d350877 |
||